Valencia i el General Espartero (Record no. 107623)

MARC details
000 -LEADER
campo de control de longitud fija 00834nam a2200205 i 4500
001 - NÚMERO DE CONTROL
campo de control 107623
003 - IDENTIFICADOR DE NÚMERO DE CONTROL
campo de control ES-MaACL
005 - FECHA Y HORA DE LA ÚLTIMA TRANSACCIÓN
campo de control 20251009195332.0
007 - CAMPO FIJO DE DESCRIPCIÓN FÍSICA--INFORMACIÓN GENERAL
campo de control de longitud fija t|
008 - DATOS DE LONGITUD FIJA--INFORMACIÓN GENERAL
campo de control de longitud fija 061121s1955 sp r ||||1| cat d
100 1# - ENTRADA PRINCIPAL--NOMBRE DE PERSONA
Nombre de persona Moscardó Cervera, Federico.
9 (RLIN) 83741
245 10 - MENCIÓN DEL TÍTULO
Título Valencia i el General Espartero
Resto del título : abdicació i retorn de la Reina Governadora a València (1840-1844) /
Mención de responsabilidad, etc. per Frederic Moscardó Cervera; pròleg de Josep María Giménez Fayos ; dibuixos d'Antoni Ferrer.
260 ## - PUBLICACIÓN, DISTRIBUCIÓN, ETC.
Lugar de publicación, distribución, etc. Valencia :
Nombre del editor, distribuidor, etc. [s.n],
Fecha de publicación, distribución, etc. [1955?] (
Fabricante Imp. V. Cortell)
300 ## - DESCRIPCIÓN FÍSICA
Extensión 136 p. :
Otras características físicas il. ;
Dimensiones 17 cm.
651 #4 - PUNTO DE ACCESO ADICIONAL DE MATERIA--NOMBRE GEOGRÁFICO
Nombre geográfico España-
Subdivisión general Historia-
Subdivisión cronológica 1840-1843, Regencia de Espartero.
9 (RLIN) 167869
700 1# - ENTRADA AGREGADA--NOMBRE PERSONAL
Nombre de persona Giménez Fayos, Josep Maria.
9 (RLIN) 57046
700 1# - ENTRADA AGREGADA--NOMBRE PERSONAL
Nombre de persona Ferrer, Antonio,
Fechas asociadas al nombre n. 1899
9 (RLIN) 161893
852 ## - LOCALIZACIÓN
Ubicación ES-MaACL
Número de control de estantería C-11126
Sublocalización o colección R.38787
Holdings
Estatus retirado Estado de pérdida Estado de daño No para préstamo Biblioteca de origen Biblioteca actual Ubicación en estantería Fecha de adquisición Fuente de adquisición Total de préstamos Signatura topográfica completa Código de barras Visto por última vez Precio de reemplazo Tipo de ítem Koha
        Biblioteca del Ateneo de Madrid Biblioteca del Ateneo de Madrid Sala Palomar 17/01/2008     C-11126 1112318 23/02/2023 23/02/2023 Libro impreso